| 000 | 00570nam a2200205Ia 4500 | ||
|---|---|---|---|
| 003 | OSt | ||
| 005 | 20251211163034.0 | ||
| 008 | 210707s1989 xx 000 0 und d | ||
| 040 | _cAL | ||
| 041 | _aKannada | ||
| 082 | _aK894.1 JAYT | ||
| 100 |
_aJAYADEVITAYI LIGADE _970604 _dಜಯದೇವಿತಾಯಿ ಲಿಗಾಡೆ |
||
| 245 |
_aTayiya padagalu _bತಾಯಿಯ ಪದಗಳು |
||
| 260 |
_aBengaluru _bVishva Kannada Sammelana _c1989 |
||
| 300 | _a240 p | ||
| 365 |
_b2 _cINR |
||
| 563 | _aPB | ||
| 650 |
_aKannada Poetry _970605 |
||
| 942 |
_2ddc _cBK |
||
| 999 |
_c180119 _d180119 |
||